Spell spell Quiz Stats

 Plays Quiz not verified by Sporcle

Challenge
Share
Tweet
Embed
Score 0/55 Timer 01:00
0 Plays Today
spell % Correct
spell
99%
spell
98.6%
spell
98.6%
spell
98.6%
spell
98.6%
spell
98.6%
spell
98.6%
spell
98.6%
spell
98.6%
spell
98.6%
spell
98.6%
spell
98.1%
spell
98.1%
spell
98.1%
spell
98.1%
spell
98.1%
spell
98.1%
spell
97.6%
spell
97.6%
spell
97.6%
spell
97.6%
spell
97.6%
spell
97.6%
spell
97.6%
spell
97.1%
spell
96.7%
spell
95.7%
spell
95.7%
spell % Correct
spell
95.2%
spell
95.2%
spell
94.7%
spell
94.3%
spell
93.8%
spell
93.3%
spell
92.8%
spell
92.3%
spell
91.9%
spell
91.4%
spell
91.4%
spell
90.4%
spell
90.4%
spell
89.5%
spell
89%
spell
85.2%
spell
83.7%
spell
81.8%
spell
80.9%
spell
79.9%
spell
77.5%
spell
75.6%
spell
54.5%
spell
53.6%
spell
52.2%
spell
51.2%
spell
49.3%

You're not logged in!

Compare scores with friends on all Sporcle quizzes.
OR
Log In

You Might Also Like...

Show Comments

Extras

Created Jan 3, 2010ReportNominate
Tags:minute, spelling

Top Quizzes Today


Score Distribution

Your Account Isn't Verified!

In order to create a playlist on Sporcle, you need to verify the email address you used during registration. Go to your Sporcle Settings to finish the process.

Report this User

Report this user for behavior that violates our Community Guidelines.

Details: